| 000 | 00682nam a2200205 u 4500 | ||
|---|---|---|---|
| 005 | 20210223131129.0 | ||
| 008 | 091014s2007 r 000 0 eng d | ||
| 020 | _a9789870006817 | ||
| 035 | _aUPN01000173169 | ||
| 049 | _aCG | ||
| 050 | 4 |
_aRC489 E9 _bH4.2 |
|
| 100 | 1 | _aHemsy de Gainza, Violeta | |
| 245 | 1 | 0 |
_aConversaciones con Gerda Alexander : _bcreadora de la eutonÃa / _cVioleta Hemsy de Gainza ; apostilladora Susana Kesselman. |
| 260 |
_aBuenos Aires : _bLumen, _c2007. |
||
| 300 |
_a267, [20] p. : _bil. |
||
| 440 | 0 |
_aCuerpo, arte y salud. _pSerie azul |
|
| 650 | 4 |
_aEJERCICIOS TERAPEUTICOS _94953 |
|
| 600 | 1 | 4 |
_aALEXANDER, GERDA, _d1908-1994 _914906 |
| 905 | _aLibro | ||
| 999 |
_c145273 _d145273 |
||